000 00315nam a22001337a 4500
008 170407b xxu||||| |||| 00| 0 eng d
020 _a9780721666877
041 _aeng
080 _a611.018
100 _a9
101 _aSHM
245 _aDENTAL EMBRYOLOGY HITOLOGY AND ANATOMY
_cBALOGH.M.B
942 _2udc
_cBK
999 _c10053
_d10053